000 00959nas a2200301 4500
001 BR9800666
003 BR-BrBNA
005 20231205100722.0
007 ta
008 230509b bl.|||p| |||| 00| 00por d
040 _aBR-BrBNA
_bpor
_cBiblioteca Nacional de Agricultura
041 _a(Pt)
072 _aF60; E16
100 1 _aPequeno, M.G.
100 1 _aCorrea, H.
100 1 _aAndrade, L.A. de B.
100 1 _aClemente, P.R.
245 1 _aProdutividade, analise economica e caracteristicas quimicas de raizes de sete cultivares de mandioca (Manihot esculenta Crantz), na regiao de Lavras-MG
650 _aMandioca
650 _aRaiz
650 _aAnalise Economica
650 _aProdutividade
650 _aAnalise Quimica
650 _aMinas Gerais
773 0 _tCiencia e Agrotecnologia (Brazil)
_xISSN 1413-7054
_g(Apr-Jun 1997), v. 21(2) p. 167-173
_wBR9800666
909 _a202311
_bLúcia
_c55
_dLúcia Elande
942 _2AGRIS
_n0
_cANA
999 _c157657
_d157657